000 00379pam a2200157a 44500
008 230515b2006 xxu||||| |||| 00| 0 eng d
020 _aNULL
041 _aENGLISH
082 _a796.332023
100 _aSCOTT G.R.
245 _aFOOTBALL RISING TO THE CHALLENGE
250 _aNULL
260 _aLONDON
_bJONES AND BARTLETT PUBLISHER
_c2006
300 _a366
650 _aNULL
999 _c519523
_d519523